000 00428nam a22001457a 4500
999 _c60712
_d60712
005 20231011160051.0
008 231011s1969 fr ||||| |||| 00| 0 fre d
041 _afre
080 _a902/904 N-45
245 _aNessebre:
_bPremier volume /
_cAcadémie bulgare des Sciences. Institut d'archeologie.
264 _aSofia,
_c1969.
300 _a235 p.:
_bill. ;
_c27 cm.
653 _aარქეოლოგია
942 _2udc
_cBK